|
|
|
|
| LEADER |
00720ncm a22002052a 4500 |
| 001 |
000285867 |
| 003 |
CZ BrMZK |
| 005 |
20120904092801.0 |
| 007 |
qu |
| 008 |
980105s1900 gw f zxx d |
| 040 |
|
|
|a BOA001
|b cze
|
| 072 |
|
7 |
|a 787
|x Hudba pro strunné a smyčcové nástroje
|2 Konspekt
|9 9
|
| 100 |
1 |
|
|a Paganini, Niccolò,
|d 1782-1840
|7 jn19990006328
|4 cmp
|
| 245 |
1 |
3 |
|a Le Streghe, Oeuv. Posthume No. 3.
|n [1],
|p [Housle]
|h [hudebnina] :
|b danse des sorcieres /
|c Niccoló Paganini
|
| 260 |
|
|
|a Mayence :
|b Schott,
|c [1900?]
|
| 300 |
|
|
|a 5 s.
|
| 910 |
|
|
|a BOA001
|b Mus4-0541.992,1
|
| 990 |
|
|
|a MU
|
| 991 |
|
|
|b 201209
|
| 996 |
6 |
|
|b 2619888182
|c Mus4-0541.992,1
|l MZK
|r Sklad / do 1 hodiny
|n 0
|w 000285867
|u 000010
|a 1
|e BOA001
|j MZK50
|s P
|